000 00368nam a2200169Ia 4500
100 _aFlynn/ Mc Hoes
650 _aOperating systems
942 _cBK
366 _f15
654 _aoperating systems
245 _aOperating Systems
260 _bCengage Learning
_aMumbai
_c2006
082 _a005.43/FLY
_bFLY
300 _a421
546 _aENGLISH
999 _c34419
_d34419